| 000 | 00533nam a22001577a 4500 | ||
|---|---|---|---|
| 999 |
_c535502 _d535502 |
||
| 020 | _qHard Cover. | ||
| 082 | _a307.1 | ||
| 100 | _aAsif, Sidra | ||
| 245 |
_aExploring the under explored & unexplored local own source revenue: a case study of TMA Murree / _cSidra Asif. |
||
| 260 |
_aIslamabad: _bSCEE NUST, _c2016. |
||
| 300 |
_a99 p. : _bill. ; _c30cm. |
||
| 942 |
_2ddc _cTHE |
||
| 650 |
_aUrban and Regional Planning MS-Thesis. _916266 |
||
| 700 |
_aDr. Abdul Waheed _916525 |
||